| 000 | 00573nam a22001577a 4500 | ||
|---|---|---|---|
| 003 | OSt | ||
| 005 | 20151001164317.0 | ||
| 008 | 151001b xxu||||| |||| 00| 0 eng d | ||
| 040 | _cRUA | ||
| 082 | _2AVM CHE 1996 B069 Or.1 | ||
| 100 |
_91709 _aCHEA SOKHOM |
||
| 245 | _aMeat chicken production in kine svay district, (ការចិញ្ចឹមមាន់យកសាច់ ជាលក្ខណះឧស្សាហកម្ម នៅស្រុកកៀនស្វាយ) | ||
| 260 |
_aphnom penh _bRUA _c1996 |
||
| 300 |
_a46p. _bill. _c29cm. |
||
| 942 |
_2ddc _cAVM |
||
| 999 |
_c1612 _d1612 |
||